000 00623nam a22001817a 4500
005 20251108173657.0
008 250721s2007 xx 000 0 ara d
082 1 4 _a810.09/رحي
100 1 _aرحيم، مقداد
245 1 0 _aالحروفي : 33 ناقدا يكتبون عن تجربة أديب كمال الدين الشعرية /
264 1 _aبيروت :
_bالمؤسسة العربية للدراسات و النشر،
_c2007.
300 _a367 ص.
650 1 7 _aالأدب العربي
650 1 7 _aالنقد الأدبي
650 1 7 _aالأدباء العرب
942 _2ddc
_cBK
999 _c109708
_d109708